Asas Kewangan Antarabangsa

Bibliographic Details
Main Author: Ku' Azam Tuan Lonik
Format: Book
Published: Kuala Lumpur : Utusan Publications & Distributors Sdn Bhd , 2012
Series:Siri Pendidikan Jarak Jauh
Subjects:

MARC

LEADER 00000cam a2200000 7i4500
001 0000093363
005 20120606.0
008 100526 bm
020 |a 9789676125521 
090 0 0 |a 332.042 KU'A 
100 1 |a Ku' Azam Tuan Lonik 
245 1 0 |a Asas Kewangan Antarabangsa   |c Ku' Azam Tuan Lonik 
260 |a Kuala Lumpur :   |b Utusan Publications & Distributors Sdn Bhd ,   |c 2012 
300 |a vii,124p. ;   |c 24cm. 
440 0 |a Siri Pendidikan Jarak Jauh 
650 0 0 |a International finance 
999 |a 0000124786   |b Buku   |c Rak Terbuka   |e Perpustakaan Komuniti UTC Melaka 
999 |a 0000124787   |b Buku   |c Rak Terbuka   |e Perpustakaan Komuniti UTC Melaka